[Event "Trzcianka Dziedzic Memorial 9th"]
[Site "Trzcianka"]
[Date "2019.10.13"]
[Round "4"]
[White "Pedzich, Dominik"]
[Black "Puksza, Andrzej"]
[Result "1-0"]
[WhiteElo "2344"]
[BlackElo "1968"]
[PlyCount "63"]
[EventDate "2019.10.13"]
[EventType "swiss (rapid)"]
[EventRounds "9"]
[EventCountry "POL"]
[SourceTitle "CBM 192 Extra"]
[Source "Chessbase"]
[SourceDate "2019.11.06"]
[SourceVersion "1"]
[SourceVersionDate "2019.11.06"]
[SourceQuality "1"]

1. e4 e6 2. d4 d5 3. exd5 exd5 4. c4 c6 5. Nc3 Nf6 6. Nf3 Be6 7. cxd5 Nxd5 8. Bd3 h6 9. 0-0 Be7 10. Re1 0-0 11. a3 Nd7 12. Bc2 N7f6 13. h3 Bd6 14. Ne5 Nxc3 15. bxc3 Bxe5 16. Rxe5 Rc8 17. a4 Re8 18. Qd3 Bd5 19. Bf4 Be4 20. Qd2 Bxc2 21. Qxc2 Nd5 22. Bg3 Qd7 23. Rb1 Rxe5 24. Bxe5 Re8 25. a5 b6 26. c4 Nc7 27. axb6 axb6 28. Qb3 b5 29. Bxc7 bxc4 30. Qg3 Qxd4 31. Ba5 c5 32. Bc3 1-0

[Event "Baltic Pearl op 15th"]
[Site "Lazy"]
[Date "2019.06.29"]
[Round "7"]
[White "Majewski, Krzysztof"]
[Black "Puksza, Andrzej"]
[Result "1-0"]
[WhiteElo "1727"]
[BlackElo "1973"]
[PlyCount "111"]
[EventDate "2019.06.23"]
[EventType "swiss"]
[EventRounds "9"]
[EventCountry "POL"]
[SourceTitle "CBM 191 Extra"]
[Source "ChessBase"]
[SourceDate "2019.09.30"]
[SourceVersion "1"]
[SourceVersionDate "2019.09.30"]
[SourceQuality "1"]

1. Nf3 g6 2. g3 Bg7 3. Bg2 Nf6 4. 0-0 0-0 5. c4 d6 6. d3 e5 7. e4 c6 8. Nc3 Ne8 9. Nh4 Bf6 10. Nf3 Nc7 11. d4 exd4 12. Nxd4 Ne6 13. Be3 Na6 14. Rc1 Nac7 15. Nb3 Re8 16. Qd2 Ng7 17. Rfd1 Be7 18. Bf4 Be6 19. Bf1 Bg4 20. Be2 Bxe2 21. Qxe2 Nce6 22. Bxd6 Bxd6 23. e5 Qg5 24. exd6 Nd4 25. Qd3 Nxb3 26. axb3 Rad8 27. b4 Nh5 28. Qd4 Nf6 29. c5 Qf5 30. Re1 a6 31. Kg2 h5 32. Qf4 Qxf4 33. gxf4 Rxe1 34. Rxe1 Kf8 35. Kf3 Re8 36. Rd1 Nd7 37. Na4 f5 38. Nc3 Re6 39. Rd2 Ke8 40. Re2 Rxe2 41. Kxe2 a5 42. bxa5 Nxc5 43. b4 Ne6 44. Na4 Nxf4+ 45. Ke3 Nd5+ 46. Kd4 Nxb4 47. Nc5 Nc2+ 48. Ke5 Kd8 49. Nxb7+ Kc8 50. Nc5 Nb4 51. Ke6 f4 52. a6 Nd5 53. Na4 Nc7+ 54. dxc7 Kxc7 55. Nc5 Kb6 56. Kf6 1-0

[Event "Baltic Pearl op 15th"]
[Site "Lazy"]
[Date "2019.06.27"]
[Round "5"]
[White "Betkowski, Andrzej"]
[Black "Puksza, Andrzej"]
[Result "1-0"]
[WhiteElo "2038"]
[BlackElo "1973"]
[PlyCount "71"]
[EventDate "2019.06.23"]
[EventType "swiss"]
[EventRounds "9"]
[EventCountry "POL"]
[SourceTitle "CBM 191 Extra"]
[Source "ChessBase"]
[SourceDate "2019.09.30"]
[SourceVersion "1"]
[SourceVersionDate "2019.09.30"]
[SourceQuality "1"]

1. e4 e6 2. d4 d5 3. Nc3 Bb4 4. Nge2 dxe4 5. a3 Be7 6. Nxe4 Nd7 7. Qd3 Ngf6 8. Nxf6+ Bxf6 9. Be3 0-0 10. 0-0-0 b6 11. g4 Bb7 12. Rg1 g6 13. g5 Bh8 14. h4 c5 15. h5 cxd4 16. hxg6 fxg6 17. Bxd4 Nc5 18. Qe3 Rf3 19. Bxc5 Qc8 20. Qd2 Qxc5 21. Nd4 Bxd4 22. Qxd4 Qxd4 23. Rxd4 Rxf2 24. Bc4 Bd5 25. Rxd5 exd5 26. Bxd5+ Kg7 27. Bxa8 h6 28. gxh6+ Kxh6 29. Be4 Rf6 30. c4 Re6 31. Bd3 a5 32. Kc2 g5 33. Rh1+ Kg7 34. Rh7+ Kg8 35. Rh5 Re5 36. Rh6 1-0

[Event "Baltic Pearl op 15th"]
[Site "Lazy"]
[Date "2019.06.24"]
[Round "2"]
[White "Puksza, Andrzej"]
[Black "Koziak, Vitali"]
[Result "0-1"]
[WhiteElo "1973"]
[BlackElo "2473"]
[PlyCount "76"]
[EventDate "2019.06.23"]
[EventType "swiss"]
[EventRounds "9"]
[EventCountry "POL"]
[SourceTitle "CBM 191 Extra"]
[Source "ChessBase"]
[SourceDate "2019.09.30"]
[SourceVersion "1"]
[SourceVersionDate "2019.09.30"]
[SourceQuality "1"]

1. e4 c5 2. c3 Nf6 3. e5 Nd5 4. d4 cxd4 5. cxd4 d6 6. Nf3 Nc6 7. Bc4 dxe5 8. dxe5 Ndb4 9. Qxd8+ Nxd8 10. Na3 a6 11. Bd2 e6 12. 0-0 b5 13. Be2 Bb7 14. Rfc1 Be7 15. Nc2 Nd5 16. Nfd4 Nc6 17. Nxc6 Bxc6 18. Ne3 Kd7 19. Bf3 Rac8 20. Nxd5 Bxd5 21. Bxd5 exd5 22. Be3 Rxc1+ 23. Rxc1 Rc8 24. Rxc8 Kxc8 25. Kf1 Kd7 26. Ke2 g5 27. f4 gxf4 28. Bxf4 Ke6 29. Kd3 Bd8 30. g3 Bc7 31. Kd4 Bb6+ 32. Kd3 Kf5 33. h3 h5 34. h4 Bf2 35. Ke2 Bd4 36. Bc1 Kg4 37. Bf4 Bxb2 38. Kd3 Kf5 0-1

[Event "Baltic Pearl op 15th"]
[Site "Lazy"]
[Date "2019.06.23"]
[Round "1"]
[White "Pyzio, Amelia"]
[Black "Puksza, Andrzej"]
[Result "0-1"]
[WhiteElo "1616"]
[BlackElo "1973"]
[PlyCount "100"]
[EventDate "2019.06.23"]
[EventType "swiss"]
[EventRounds "9"]
[EventCountry "POL"]
[SourceTitle "CBM 191 Extra"]
[Source "ChessBase"]
[SourceDate "2019.09.30"]
[SourceVersion "1"]
[SourceVersionDate "2019.09.30"]
[SourceQuality "1"]

1. e4 e6 2. d4 d5 3. exd5 exd5 4. c4 c6 5. Nc3 Be6 6. c5 Nf6 7. Bf4 Nbd7 8. Nf3 Nh5 9. Be3 g6 10. Bd3 Bg7 11. 0-0 0-0 12. Re1 Re8 13. b4 f5 14. h3 Ndf6 15. Qb3 Ne4 16. a4 Qd7 17. Rad1 Nxc3 18. Qxc3 f4 19. Bc1 Bxh3 20. gxh3 Qxh3 21. Bf1 Qg4+ 22. Bg2 Nf6 23. Ne5 Qg5 24. Qh3 Ne4 25. Nd3 Bxd4 26. Bxf4 Nxf2 27. Nxf2 Bxf2+ 28. Kxf2 Qxf4+ 29. Bf3 Qxb4 30. Qd7 Qh4+ 31. Kf1 Rxe1+ 32. Rxe1 Rf8 33. Qe6+ Kg7 34. Kg2 Qg5+ 35. Kf2 Qf6 36. Qe3 Rf7 37. Rd1 Qf4 38. Qc3+ Kg8 39. Qd3 Re7 40. a5 Re5 41. Rh1 Qb4 42. Kg2 Qxc5 43. Qd2 Qe7 44. Kf2 Qf6 45. Qd3 Rf5 46. Kg2 Qb2+ 47. Kg3 Rg5+ 48. Kh4 Qe5 49. Bd1 Rh5+ 50. Bxh5 Qxh5+ 0-1

[Event "Bialystok Bieluczyk Memorial-B"]
[Site "Bialystok"]
[Date "2011.07.??"]
[Round "6"]
[White "Puksza, Andrzej"]
[Black "Trofimiuk, Tomasz"]
[Result "1-0"]
[WhiteElo "1988"]
[BlackElo "1561"]
[PlyCount "87"]
[EventDate "2011.07.??"]
[EventType "swiss"]
[EventRounds "9"]
[EventCountry "POL"]
[SourceTitle "EXT 2014"]
[Source "ChessBase"]
[SourceDate "2013.11.20"]
[SourceVersion "1"]
[SourceVersionDate "2013.11.20"]
[SourceQuality "1"]

1. e4 c5 2. c3 d5 3. exd5 Qxd5 4. d4 Nf6 5. Nf3 Bg4 6. Be2 e6 7. 0-0 Nc6 8. Be3 cxd4 9. cxd4 Be7 10. Nc3 Qd6 11. a3 0-0 12. Qb3 Bxf3 13. Bxf3 Nxd4 14. Bxd4 Qxd4 15. Qxb7 Bc5 16. Rad1 Rab8 17. Qc7 Qc4 18. Qe5 Rfc8 19. Be2 Qb3 20. Rd2 Bxa3 21. Bd1 Qb4 22. bxa3 Qxc3 23. Rd8+ Rxd8 24. Qxc3 Ne4 25. Qe3 Nd2 26. Re1 a6 27. g3 g6 28. Be2 Rb3 29. Qc5 Kg7 30. Kg2 Rd5 31. Qc2 Rb6 32. Qc7 Rbd6 33. Bf3 Rd3 34. Re3 R3d4 35. Qc3 Kg8 36. Qc8+ Kg7 37. Rc3 a5 38. Qc5 a4 39. Qe5+ Kh6 40. g4 f6 41. Qxf6 Nxf3 42. Kxf3 e5 43. Qf8+ Kg5 44. h4+ 1-0

[Event "Bialystok Bieluczyk Memorial-C 2nd"]
[Site "Bialystok"]
[Date "2010.07.02"]
[Round "9"]
[White "Jaskiewicz, Kamila"]
[Black "Puksza, Andrzej"]
[Result "1/2-1/2"]
[WhiteElo "1611"]
[BlackElo "1971"]
[PlyCount "70"]
[EventDate "2010.06.26"]
[EventType "swiss"]
[EventRounds "9"]
[EventCountry "POL"]
[SourceTitle "EXT 2012"]
[Source "ChessBase"]
[SourceDate "2011.11.24"]
[SourceVersion "1"]
[SourceVersionDate "2011.11.24"]
[SourceQuality "1"]

1. c4 c6 2. d3 d5 3. cxd5 cxd5 4. Nf3 Nc6 5. e3 Bg4 6. Be2 e6 7. a3 Nf6 8. Nbd2 Bd6 9. 0-0 0-0 10. b4 a6 11. Bb2 Rc8 12. Nb3 e5 13. d4 e4 14. Ne5 Bxe2 15. Qxe2 Qe7 16. Nxc6 Rxc6 17. Rac1 Rfc8 18. Rxc6 Rxc6 19. Nc5 h5 20. h3 Bb8 21. f4 exf3 22. gxf3 Nh7 23. f4 Rg6+ 24. Kh1 Bd6 25. Rg1 Rxg1+ 26. Kxg1 Nf6 27. Qf3 Ne4 28. Nxe4 Qxe4 29. Qxe4 dxe4 30. Kg2 h4 31. Kf2 b5 32. d5 f6 33. Bd4 Kf7 34. Ke2 g5 35. f5 Bc7 1/2-1/2

[Event "Bialystok Spring op-B"]
[Site "Bialystok"]
[Date "2010.05.03"]
[Round "6"]
[White "Puksza, Andrzej"]
[Black "Smirnov, Aleksander"]
[Result "1-0"]
[WhiteElo "1971"]
[BlackElo "2222"]
[PlyCount "67"]
[EventDate "2010.05.01"]
[EventType "swiss"]
[EventRounds "9"]
[EventCountry "POL"]
[SourceTitle "EXT 2012"]
[Source "ChessBase"]
[SourceDate "2011.11.24"]
[SourceVersion "1"]
[SourceVersionDate "2011.11.24"]
[SourceQuality "1"]

1. e4 c5 2. c3 d5 3. exd5 Qxd5 4. d4 e6 5. Nf3 Nf6 6. Be2 Nc6 7. 0-0 Be7 8. Be3 cxd4 9. cxd4 0-0 10. Nc3 Qd6 11. a3 Nd5 12. Ne4 Nxe3 13. fxe3 Qd8 14. Kh1 b6 15. Qe1 Bb7 16. Nc3 Rc8 17. Bd3 Kh8 18. Rd1 Qe8 19. Qg3 f5 20. e4 Rf6 21. exf5 exf5 22. d5 Bd6 23. Qh3 Ne7 24. Nb5 Rd8 25. Ng5 Rh6 26. Nxd6 Rdxd6 27. Qe3 Qh5 28. Qg3 Bxd5 29. Rde1 Bg8 30. Bxf5 Nxf5 31. Rxf5 Rdf6 32. Rfe5 Qh4 33. Qxh4 Rxh4 34. g3 1-0

[Event "Bialystok Spring op-B"]
[Site "Bialystok"]
[Date "2010.05.01"]
[Round "1"]
[White "Stasiewicz, Jan"]
[Black "Puksza, Andrzej"]
[Result "1-0"]
[WhiteElo "1530"]
[BlackElo "1971"]
[PlyCount "83"]
[EventDate "2010.05.01"]
[EventType "swiss"]
[EventRounds "9"]
[EventCountry "POL"]
[SourceTitle "EXT 2012"]
[Source "ChessBase"]
[SourceDate "2011.11.24"]
[SourceVersion "1"]
[SourceVersionDate "2011.11.24"]
[SourceQuality "1"]

1. d4 c5 2. d5 e5 3. e4 d6 4. c4 f5 5. Nc3 Nf6 6. Bd3 f4 7. Nf3 Bg4 8. h3 Bh5 9. a3 Na6 10. Be2 Be7 11. Qa4+ Qd7 12. Qxd7+ Kxd7 13. Nh2 Bg6 14. Bf3 Rhf8 15. Ke2 h6 16. Kd3 Bh7 17. Ng4 Ng8 18. Rb1 h5 19. Nh2 Nf6 20. Bd2 g5 21. b4 b6 22. Nb5 Rg8 23. g3 g4 24. hxg4 hxg4 25. Nxg4 Nxg4 26. Bxg4+ Rxg4 27. Rxh7 fxg3 28. fxg3 Rxg3+ 29. Kc2 cxb4 30. axb4 Rc8 31. c5 bxc5 32. Nxa7 Re8 33. Nc6 Nb8 34. bxc5 Nxc6 35. Rb7+ Kc8 36. dxc6 Bf8 37. Ra7 Re7 38. Rhxe7 Bxe7 39. Rxe7 dxc5 40. Rxe5 c4 41. Re8+ Kc7 42. Bf4+ 1-0

[Event "Bialystok qual"]
[Site "Bialystok"]
[Date "2009.11.07"]
[Round "7"]
[White "Puksza, Andrzej"]
[Black "Sieklucki, Adam"]
[Result "1-0"]
[WhiteElo "1982"]
[BlackElo "1760"]
[PlyCount "89"]
[EventDate "2009.11.07"]
[EventType "swiss"]
[EventRounds "9"]
[EventCountry "POL"]
[SourceTitle "EXT 2012"]
[Source "ChessBase"]
[SourceDate "2011.11.24"]
[SourceVersion "1"]
[SourceVersionDate "2011.11.24"]
[SourceQuality "1"]

1. e4 e5 2. Nf3 Nc6 3. Bb5 g6 4. c3 Bg7 5. d4 Nge7 6. 0-0 0-0 7. Bg5 h6 8. Be3 d6 9. dxe5 dxe5 10. Qc1 Kh7 11. Rd1 Qe8 12. Bc5 a6 13. Bxc6 bxc6 14. Na3 Be6 15. Qd2 f5 16. exf5 Rxf5 17. Nc2 Qf7 18. Ne3 Rf4 19. Qe2 Nd5 20. Re1 Re4 21. Qd3 Rf4 22. Qe2 Re4 23. Qd3 Rf4 24. Nxd5 Bxd5 25. Nxe5 Bxe5 26. Rxe5 Re8 27. Rae1 Rxe5 28. Rxe5 Be6 29. Qe3 Rf6 30. Bd4 g5 31. Re4 Rg6 32. h3 Qf5 33. Re5 Qb1+ 34. Kh2 Qxa2 35. Qf3 Bf7 36. Re7 Kg8 37. Qf5 Kf8 38. Rxc7 Qe6 39. Qc5+ Kg8 40. Qa7 g4 41. Re7 Qd6+ 42. Be5 Qd8 43. Rxf7 Qd5 44. Rg7+ Kh8 45. Qb8+ 1-0

[Event "POL-chT U19 1st League"]
[Site "Chotowa"]
[Date "2009.07.??"]
[Round "9"]
[White "Puksza, Andrzej"]
[Black "Ziebinski, Bartosz"]
[Result "1-0"]
[WhiteElo "1936"]
[BlackElo "2045"]
[PlyCount "124"]
[EventDate "2009.07.06"]
[EventType "team-tourn"]
[EventRounds "9"]
[EventCountry "POL"]
[SourceTitle "EXT 2012"]
[Source "ChessBase"]
[SourceDate "2011.11.24"]
[SourceVersion "1"]
[SourceVersionDate "2011.11.24"]
[SourceQuality "1"]
[WhiteTeam "Bialystok MUKS Stoczek 45 U19"]
[BlackTeam "Czestochowa UKS Hetman U19"]
[WhiteTeamCountry "POL"]
[BlackTeamCountry "POL"]

1. e4 c5 2. c3 g6 3. d4 cxd4 4. cxd4 d5 5. exd5 Nf6 6. Nf3 Bg7 7. Bb5+ Bd7 8. Bxd7+ Nbxd7 9. Nc3 Nb6 10. Qb3 0-0 11. 0-0 Nfxd5 12. Re1 e6 13. Be3 Qd6 14. Rac1 Qb4 15. Na4 Qxb3 16. axb3 Nc8 17. Ne5 Rd8 18. Nc5 Nd6 19. Nc4 b6 20. Nxd6 Rxd6 21. Nd3 Ne7 22. Ne5 Nf5 23. Rc4 Rad8 24. Nc6 R8d7 25. Nb8 Rd8 26. Nc6 Ra8 27. g4 Nh4 28. Ra1 a6 29. Rac1 b5 30. Ne7+ Kf8 31. Rc8+ Rxc8 32. Nxc8 Rd5 33. Nb6 Rd8 34. d5 Bxb2 35. Rc6 Nf3+ 36. Kg2 Nd4 37. Rc7 Kg7 38. dxe6 Nxe6 39. Ra7 Rd3 40. b4 Rb3 41. Nd5 Ra3 42. h4 Bd4 43. Rb7 Bxe3 44. fxe3 h6 45. Kf3 Ra1 46. Nc3 Rf1+ 47. Kg3 Re1 48. Kf2 Rh1 49. Kg3 Rc1 50. Ne4 Rc6 51. Rd7 Rc7 52. Rd6 Ra7 53. Rb6 Nc7 54. Nc5 Nd5 55. Rxa6 Rxa6 56. Nxa6 Nxe3 57. Nc7 Nc2 58. Nd5 f6 59. Kf3 Kf7 60. Ke4 Ke6 61. Nc7+ Kf7 62. Nd5 Na3 1-0

[Event "POL-chT U19 1st League"]
[Site "Chotowa"]
[Date "2009.07.??"]
[Round "3"]
[White "Szumilas, Piotr"]
[Black "Puksza, Andrzej"]
[Result "1/2-1/2"]
[WhiteElo "2127"]
[BlackElo "1936"]
[PlyCount "62"]
[EventDate "2009.07.06"]
[EventType "team-tourn"]
[EventRounds "9"]
[EventCountry "POL"]
[SourceTitle "EXT 2012"]
[Source "ChessBase"]
[SourceDate "2011.11.24"]
[SourceVersion "1"]
[SourceVersionDate "2011.11.24"]
[SourceQuality "1"]
[WhiteTeam "Legnica Miedz U19"]
[BlackTeam "Bialystok MUKS Stoczek 45 U19"]
[WhiteTeamCountry "POL"]
[BlackTeamCountry "POL"]

1. e4 e6 2. d4 d5 3. e5 c5 4. c3 Nc6 5. Nf3 Qb6 6. a3 cxd4 7. cxd4 Bd7 8. b4 f6 9. Bd3 Nge7 10. 0-0 f5 11. Bb2 Ng6 12. Re1 Be7 13. Bf1 0-0 14. Nc3 a5 15. b5 Na7 16. Qb3 Rac8 17. Rec1 Qd8 18. a4 b6 19. Ba3 Be8 20. Rc2 Bf7 21. Rac1 Bxa3 22. Qxa3 Qe7 23. Qxe7 Nxe7 24. Nd2 g5 25. Bd3 Rfd8 26. Nb3 Kf8 27. f3 Bg6 28. f4 g4 29. g3 Be8 30. Kg2 Kg7 31. Kf2 Bf7 1/2-1/2

[Event "Bialystok Bieluczyk Memorial-B 1st"]
[Site "Bialystok"]
[Date "2009.06.25"]
[Round "8"]
[White "Bobras, Jan"]
[Black "Puksza, Andrzej"]
[Result "0-1"]
[WhiteElo "1772"]
[BlackElo "1927"]
[PlyCount "78"]
[EventDate "2009.06.20"]
[EventType "swiss"]
[EventRounds "9"]
[EventCountry "POL"]
[SourceTitle "EXT 2012"]
[Source "ChessBase"]
[SourceDate "2011.11.24"]
[SourceVersion "1"]
[SourceVersionDate "2011.11.24"]
[SourceQuality "1"]

1. e4 e6 2. Nf3 d5 3. exd5 exd5 4. d4 Bd6 5. Nc3 Ne7 6. Bg5 f6 7. Bh4 Bf5 8. Bd3 c6 9. Bg3 Qc7 10. Bxf5 Nxf5 11. Qe2+ Qe7 12. Bxd6 Qxe2+ 13. Nxe2 Nxd6 14. Nf4 Kf7 15. 0-0 Na6 16. c3 Nc7 17. Rfe1 Rhe8 18. Kf1 Nc4 19. Nd3 b6 20. a4 Re4 21. b3 Na5 22. Nd2 Re6 23. b4 Nc4 24. Nxc4 dxc4 25. Nf4 Rxe1+ 26. Kxe1 a5 27. Rb1 g5 28. Ne2 Nd5 29. Kd2 axb4 30. cxb4 Rxa4 31. Nc3 Rxb4 32. Rxb4 Nxb4 33. Na4 Nd5 34. g3 Ke6 35. Kc2 Kf5 36. f3 g4 37. fxg4+ Kxg4 38. Nb2 b5 39. Nd1 Kf3 0-1

[Event "Bialystok Bieluczyk Memorial-B 1st"]
[Site "Bialystok"]
[Date "2009.06.20"]
[Round "1"]
[White "Puksza, Andrzej"]
[Black "Milewski, Karol"]
[Result "1-0"]
[WhiteElo "1927"]
[BlackElo "1660"]
[PlyCount "101"]
[EventDate "2009.06.20"]
[EventType "swiss"]
[EventRounds "9"]
[EventCountry "POL"]
[SourceTitle "EXT 2012"]
[Source "ChessBase"]
[SourceDate "2011.11.24"]
[SourceVersion "1"]
[SourceVersionDate "2011.11.24"]
[SourceQuality "1"]

1. e4 d6 2. d4 Nf6 3. Bd3 g6 4. f4 Bg7 5. Nf3 0-0 6. 0-0 c5 7. dxc5 dxc5 8. e5 Nd5 9. Be4 e6 10. c4 Ne7 11. Nc3 Nbc6 12. Nb5 Rb8 13. Be3 b6 14. Qd6 Bb7 15. Rfd1 a6 16. Qxd8 Rfxd8 17. Rxd8+ Rxd8 18. Nd6 Ba8 19. Ng5 Rf8 20. Rd1 h6 21. Ngxf7 Rxf7 22. Nxf7 Kxf7 23. Rd7 Ke8 24. Rd6 Kf7 25. b4 cxb4 26. Bxb6 Bf8 27. c5 h5 28. h3 Bh6 29. g3 h4 30. Kf2 hxg3+ 31. Kxg3 Nf5+ 32. Bxf5 gxf5 33. Rd7+ Ne7 34. Ra7 Bd5 35. Bd8 Bf8 36. Rxa6 Nc6 37. Bb6 Nd4 38. Kf2 Ne2 39. Ra7+ Kg6 40. Kxe2 Bh6 41. Ke3 Bf8 42. Ra4 Kf7 43. Rxb4 Bxa2 44. Ra4 Bd5 45. Ra7+ Ke8 46. h4 Bc6 47. h5 Bb5 48. Rh7 Ba4 49. h6 Bd7 50. Rh8 Kf7 51. h7 1-0

[Event "Bilaystok Spring op"]
[Site "Bialystok"]
[Date "2009.05.10"]
[Round "9"]
[White "Puksza, Andrzej"]
[Black "Bernacki, Krzysztof"]
[Result "1/2-1/2"]
[WhiteElo "1927"]
[BlackElo "2084"]
[PlyCount "22"]
[EventDate "2009.05.01"]
[EventType "swiss"]
[EventRounds "9"]
[EventCountry "POL"]
[SourceTitle "EXT 2010"]
[Source "ChessBase"]
[SourceDate "2010.11.25"]
[SourceVersion "1"]
[SourceVersionDate "2010.11.25"]
[SourceQuality "1"]

1. e4 e5 2. Nf3 Nc6 3. Bb5 f5 4. d3 fxe4 5. dxe4 Nf6 6. Bxc6 bxc6 7. Nxe5 Qe7 8. Nf3 Qxe4+ 9. Be3 d5 10. 0-0 Bd6 11. Re1 0-0 1/2-1/2

[Event "Bilaystok Spring op"]
[Site "Bialystok"]
[Date "2009.05.03"]
[Round "6"]
[White "Puksza, Andrzej"]
[Black "Bernacki, Gabriel"]
[Result "1/2-1/2"]
[WhiteElo "1927"]
[BlackElo "1904"]
[PlyCount "72"]
[EventDate "2009.05.01"]
[EventType "swiss"]
[EventRounds "9"]
[EventCountry "POL"]
[SourceTitle "EXT 2010"]
[Source "ChessBase"]
[SourceDate "2010.11.25"]
[SourceVersion "1"]
[SourceVersionDate "2010.11.25"]
[SourceQuality "1"]

1. e4 c5 2. c3 Nc6 3. d4 d5 4. exd5 Qxd5 5. Nf3 Nf6 6. Be2 cxd4 7. cxd4 e6 8. 0-0 Be7 9. Nc3 Qa5 10. Bf4 0-0 11. Qb3 Nb4 12. Bc4 Rd8 13. a3 Nbd5 14. Bxd5 Nxd5 15. Nxd5 Qxd5 16. Qxd5 Rxd5 17. Rac1 b6 18. Rc3 g5 19. Be3 Bf6 20. g4 Ba6 21. Re1 Rad8 22. Rc7 R8d7 23. Rxd7 Rxd7 24. Nxg5 Bxg5 25. Bxg5 Rxd4 26. h3 Rd3 27. Kh2 Kg7 28. Rc1 Rb3 29. Be3 e5 30. Rc2 Bd3 31. Rd2 f5 32. gxf5 Bxf5 33. Kg3 Rd3 34. Re2 Kg6 35. Re1 Rb3 36. Re2 Rd3 1/2-1/2

[Event "Bilaystok Spring op"]
[Site "Bialystok"]
[Date "2009.05.02"]
[Round "3"]
[White "Kostyra, Stanislaw"]
[Black "Puksza, Andrzej"]
[Result "1/2-1/2"]
[WhiteElo "2284"]
[BlackElo "1927"]
[PlyCount "110"]
[EventDate "2009.05.01"]
[EventType "swiss"]
[EventRounds "9"]
[EventCountry "POL"]
[SourceTitle "EXT 2010"]
[Source "ChessBase"]
[SourceDate "2010.11.25"]
[SourceVersion "1"]
[SourceVersionDate "2010.11.25"]
[SourceQuality "1"]

1. d4 e6 2. c4 a6 3. Nc3 c5 4. d5 d6 5. e4 f5 6. dxe6 fxe4 7. Nxe4 Bxe6 8. Bf4 d5 9. Ng5 Qe7 10. Qe2 Bg4 11. f3 Bf5 12. cxd5 Nf6 13. 0-0-0 Qxe2 14. Nxe2 h6 15. Ne6 Bxe6 16. dxe6 Nc6 17. Nc3 Nd4 18. Bd3 0-0-0 19. Bg6 Bd6 20. Bxd6 Rxd6 21. Rhe1 b5 22. Re5 c4 23. Rd2 Kc7 24. Bf7 Nc6 25. Nd5+ Nxd5 26. Rexd5 Rhd8 27. Rxd6 Rxd6 28. Re2 Kd8 29. f4 Ke7 30. f5 Nd4 31. Re5 b4 32. Bh5 c3 33. bxc3 bxc3 34. Rc5 Kf6 35. h3 c2 36. Rc4 Nxf5 37. Rxc2 Rxe6 38. Bg4 Rd6 39. Rc5 Nd4 40. Ra5 g6 41. Kb2 Nb5 42. Kb3 h5 43. Bc8 Nc7 44. Rc5 Nd5 45. a4 Rb6+ 46. Ka3 Ne3 47. a5 Rd6 48. Bb7 Ke6 49. Rc6 Rxc6 50. Bxc6 Kd6 51. Be4 Kc5 52. Bxg6 Nxg2 53. Bxh5 Nf4 54. Be8 Nxh3 55. Ka4 Nf4 1/2-1/2

[Event "Bilaystok Spring op"]
[Site "Bialystok"]
[Date "2009.05.01"]
[Round "2"]
[White "Puksza, Andrzej"]
[Black "Dubrawska, Greta"]
[Result "1-0"]
[WhiteElo "1927"]
[BlackElo "1692"]
[PlyCount "53"]
[EventDate "2009.05.01"]
[EventType "swiss"]
[EventRounds "9"]
[EventCountry "POL"]
[SourceTitle "EXT 2010"]
[Source "ChessBase"]
[SourceDate "2010.11.25"]
[SourceVersion "1"]
[SourceVersionDate "2010.11.25"]
[SourceQuality "1"]

1. e4 c5 2. c3 Nf6 3. e5 Nd5 4. d4 cxd4 5. cxd4 d6 6. Bc4 Nb6 7. Bb5+ Bd7 8. Bxd7+ Qxd7 9. Nf3 dxe5 10. Nxe5 Qd5 11. 0-0 e6 12. Nc3 Qd8 13. Qf3 Qc7 14. Nb5 Qe7 15. Bg5 f6 16. Bxf6 gxf6 17. Qh5+ Kd8 18. Nf7+ Kd7 19. Nxh8 Nc6 20. Nf7 a6 21. Nbd6 Rb8 22. Qxh7 Nd5 23. Qe4 Nd8 24. Nxd8 Kxd6 25. Nxe6 Qxe6 26. Qf3 Kd7 27. Rfe1 1-0

[Event "POL-ch U20"]
[Site "Bialystok"]
[Date "2009.01.26"]
[Round "9.4"]
[White "Wasiluk, Robert"]
[Black "Puksza, Andrzej"]
[Result "1/2-1/2"]
[WhiteElo "1666"]
[BlackElo "1943"]
[PlyCount "48"]
[EventDate "2009.01.26"]
[EventType "tourn"]
[EventRounds "9"]
[EventCountry "POL"]
[SourceTitle "EXT 2023"]
[Source "ChessBase"]
[SourceDate "2022.10.05"]
[SourceVersion "1"]
[SourceVersionDate "2022.10.05"]
[SourceQuality "1"]

1. d4 d5 2. c4 c6 3. e3 e6 4. Nf3 Nf6 5. Nc3 Nbd7 6. b3 Bb4 7. Bd2 a6 8. a3 Ba5 9. cxd5 exd5 10. Bd3 Nf8 11. h3 Ng6 12. 0-0 0-0 13. Re1 Be6 14. Rc1 Qd7 15. Ne5 Qc8 16. Na4 Bc7 17. f4 Bxh3 18. gxh3 Qxh3 19. Qe2 Nh4 20. Rf1 Bxe5 21. fxe5 Ng4 22. Bf5 Qg3+ 23. Kh1 Qh3+ 24. Kg1 Qg3+ 1/2-1/2

[Event "Bialystok U20"]
[Site "Bialystok"]
[Date "2008.01.23"]
[Round "6"]
[White "Jarczewski, Marcin"]
[Black "Puksza, Andrzej"]
[Result "1/2-1/2"]
[WhiteElo "1840"]
[BlackElo "1966"]
[PlyCount "107"]
[EventDate "2008.01.21"]
[EventType "swiss"]
[EventRounds "9"]
[EventCountry "POL"]
[SourceTitle "EXT 2010"]
[Source "ChessBase"]
[SourceDate "2010.11.25"]
[SourceVersion "1"]
[SourceVersionDate "2010.11.25"]
[SourceQuality "1"]

1. d4 a6 2. c4 e6 3. Nf3 c5 4. d5 exd5 5. cxd5 d6 6. a4 g6 7. Nc3 Bg7 8. g3 Nf6 9. Bg2 0-0 10. h4 Qa5 11. Bd2 Bd7 12. Qc1 Rc8 13. Ne4 Qb6 14. Nxf6+ Bxf6 15. Bc3 Qd8 16. h5 Bf5 17. hxg6 Bxg6 18. Nh4 Nd7 19. Nxg6 fxg6 20. Bh3 Rc7 21. Be6+ Kh8 22. Qc2 Bxc3+ 23. Qxc3+ Qf6 24. Bxd7 Qxc3+ 25. bxc3 Rxd7 26. Rb1 Rf8 27. f3 Rf5 28. c4 Kg7 29. Kf2 h5 30. Rb3 Re5 31. Rhb1 Ree7 32. e4 g5 33. Ke3 Kf6 34. Rh1 Rh7 35. f4 gxf4+ 36. Kxf4 Rdg7 37. Rb6 Rg4+ 38. Kf3 Ke5 39. Rxh5+ Rxh5 40. Kxg4 Rh7 41. a5 Rg7+ 42. Kh4 Rh7+ 43. Kg5 Rg7+ 44. Kh6 Rxg3 45. Rxb7 Kxe4 46. Rb6 Kd4 47. Rxa6 Kxc4 48. Rxd6 Kb5 49. a6 c4 50. Rc6 Ra3 51. Kg5 Rxa6 52. Rxa6 Kxa6 53. d6 c3 54. Kf6 1/2-1/2

[Event "Bialystok U20"]
[Site "Bialystok"]
[Date "2008.01.23"]
[Round "5"]
[White "Puksza, Andrzej"]
[Black "Buzun, Michal"]
[Result "1/2-1/2"]
[WhiteElo "1966"]
[BlackElo "1871"]
[PlyCount "87"]
[EventDate "2008.01.21"]
[EventType "swiss"]
[EventRounds "9"]
[EventCountry "POL"]
[SourceTitle "EXT 2010"]
[Source "ChessBase"]
[SourceDate "2010.11.25"]
[SourceVersion "1"]
[SourceVersionDate "2010.11.25"]
[SourceQuality "1"]

1. e4 c5 2. c3 d6 3. d4 Nf6 4. dxc5 Nc6 5. f3 d5 6. exd5 Nxd5 7. Bc4 e6 8. Bxd5 exd5 9. Be3 Be7 10. Na3 0-0 11. Qd2 Be6 12. Ne2 Qa5 13. 0-0-0 Bxc5 14. Bxc5 Qxc5 15. Nd4 Nxd4 16. Qxd4 Qc6 17. Nc2 a5 18. Ne3 Rfd8 19. f4 f5 20. Rhe1 g6 21. Nc2 Rd6 22. Qe5 Bf7 23. Nd4 Qd7 24. Nf3 b5 25. Qe7 Re8 26. Qxd7 Rxd7 27. Ne5 Rd6 28. Rd4 Red8 29. Kd2 Kg7 30. Nxf7 Kxf7 31. Re5 Kf6 32. Kd3 R8d7 33. a4 bxa4 34. Rxa4 Rb6 35. b4 axb4 36. Rxb4 Ra6 37. Rb2 Ra4 38. g3 d4 39. c4 Ra3+ 40. Kd2 Rc3 41. c5 Rc7 42. Rb5 Kg7 43. Rd5 Kh6 44. Rxd4 1/2-1/2